00251nam a2200109Ia 4500008004100000041001200041082001100053100001700064245004700081260000600128650000700134221030s9999 xx 000 0 und d aEnglish a105.23 aV. S. P. Rao 0aHuman Resource Managementcby V. S. P. Rao c0 aMb